|
|
|
|
| LEADER |
01244nam a22003012a 4500 |
| 001 |
000378574 |
| 003 |
CZ BrMZK |
| 005 |
20120606080724.0 |
| 007 |
ta |
| 008 |
010907s1977 xr af f cze d |
| 015 |
|
|
|a cnb000135234
|
| 035 |
|
|
|a (OCoLC)42143929
|
| 040 |
|
|
|a BOA001
|b cze
|
| 100 |
1 |
|
|a First, Pavel
|7 jk01031243
|4 aut
|
| 245 |
1 |
0 |
|a Plachty nad oceány :
|b modely historických plachetnic : (1:150 až 1:500) /
|c Pavel First, Václav Patočka
|
| 250 |
|
|
|a 2., přeprac. a dopl. vyd.
|
| 260 |
|
|
|a Praha :
|b SNTL,
|c 1977
|
| 300 |
|
|
|a 164 s., obr. příl.
|
| 490 |
1 |
|
|a Polytechnická knižnice. Udělejte si sami ;
|v sv. 47
|
| 700 |
1 |
|
|a Patočka, Václav
|7 jk01091921
|4 aut
|
| 830 |
|
0 |
|a Polytechnická knižnice (SNTL).
|p Udělejte si sami
|
| 856 |
4 |
1 |
|u http://www.digitalniknihovna.cz/mzk/uuid/uuid:6513d230-992e-11e3-a744-005056827e52
|y Digitalizovaný dokument
|x NDK
|
| 910 |
|
|
|a BOA001
|b PK-0064.333-77
|b 1-0678.919-77
|
| 920 |
|
|
|a 000157839
|
| 964 |
|
|
|a Plachetnice - modely - konstrukce - návody
|
| 990 |
|
|
|a BK
|
| 996 |
6 |
|
|b 2619909130
|c 1-0678.919-77
|l MZK
|r Sklad / do 1 hodiny
|n 12
|w 000378574
|u 000020
|a 1
|e BOA001
|j MZK50
|s P
|
| 996 |
7 |
|
|b 3119812972
|c PK-0064.333-77
|l MZK
|r Sklad / do 1 hodiny
|n 8
|w 000378574
|u 000010
|a 1
|e BOA001
|j MZK50
|s A
|